Provinces of Argentina Quiz Stats

 Plays Quiz not verified by Sporcle

Support Sporcle.
Go Orange.
Score 0/22 Timer 10:00
0 Plays Today
% Correct
Buenos Aires
85.7%
Salta
85.7%
Tierra del Fuego
85.7%
Chubut
81%
Mendoza
76.2%
Río Negro
76.2%
Santiago del Estero
76.2%
Jujuy
71.4%
San Juan
71.4%
Santa Fe
71.4%
Chaco
66.7%
% Correct
Córdoba
66.7%
Misiones
66.7%
Santa Cruz
66.7%
Neuquén
61.9%
Entre Ríos
57.1%
Formosa
57.1%
La Pampa
57.1%
Catamarca
52.4%
Corrientes
52.4%
San Luis
52.4%
La Rioja
42.9%

You're not logged in!

Compare scores with friends on all Sporcle quizzes.
OR
Log In

From the Vault

Diagon Alley Apparition Race

by bhenderson79

Don't take a wrong turn or you might find yourself in Knockturn Alley.
Remove Ads.
Support Sporcle.
Get the best of Sporcle when you Go Orange. This ad-free experience offers more features, more stats, and more fun while also helping to support Sporcle. Thank you for becoming a member.

Show Comments

Extras

Created Jan 11, 2013ReportNominate
Tags:argentina, Province

Top Quizzes Today


Score Distribution

Your Account Isn't Verified!

In order to create a playlist on Sporcle, you need to verify the email address you used during registration. Go to your Sporcle Settings to finish the process.

Report this User

Report this user for behavior that violates our Community Guidelines.

Details: